000 00588nam a2200205Ia 4500
005 20250508163655.0
008 008 250505s9999 xx 000 0 eng d
020 _a81-7022-600-7
037 _aTextual
040 _aFEDL
_beng
_cFEDL
041 _aeng
_2eng
084 _a370.1, SHA
_qFEDL
100 _aSharma A.P.
_9775949
245 0 _aDevelopment of western educational thought
260 _aNew Delhi, India
_bConcept Publishing Company
_c1997
300 _a152p.
650 _aEducation-Philosophy
942 _cTEXL
_h370.1, SHA
999 _c1384635
_d1384635